Paroles - Le Chant des Partisans - Statistiques

Statistiques générales
  • Ce quiz a été pris 231 fois
  • Le résultat moyen est 121 sur 197
Statistiques - réponses
Réponse % Correct
l
99%
à
98%
a
98%
le
96%
de
93%
des
91%
tu
90%
Ami
88%
ami
88%
entends
88%
ce
87%
et
87%
la
87%
pays
86%
les
84%
ces
83%
du
82%
nos
82%
82%
sur
81%
corbeaux
79%
c'est
78%
C'est
78%
noir
78%
qu'on
78%
ouvriers
76%
partisans
76%
plaines
76%
cris
74%
enchaine
74%
paysans
73%
vol
73%
sourds
70%
alarme
67%
sang
67%
ohé
65%
larmes
62%
ennemi
59%
prix
58%
au
57%
soir
57%
sort
53%
qui
52%
nous
51%
Il
47%
il
47%
mitraille
46%
tue
45%
un
44%
camarades
43%
grenades
41%
sortez
41%
ta
41%
fusils
40%
ton
40%
y
40%
collines
38%
descendez
37%
paille
37%
dynamite
36%
mine
36%
ombre
36%
si
36%
couteau
35%
gens
35%
lits
35%
rêves
35%
on
34%
place
34%
pour
34%
vite
34%
aux
33%
creux
33%
fardeau
33%
tombes
33%
tueurs
33%
tuez
33%
font
32%
frères
32%
attention
31%
Montez
31%
prisons
31%
brisons
30%
crève
30%
barreaux
29%
marche
28%
saboteur
28%
balle
27%
Ici
27%
ici
27%
vois
27%
dans
26%
faim
26%
misère
26%
pousse
25%
trousses
25%
haine
24%
soleil
23%
grand
22%
demain
21%
quand
20%
chacun
19%
sait
19%
fait
18%
liberté
18%
qu'il
18%
sèchera
18%
veut
18%
écoute
15%
routes
15%
connaitre
14%
nuit
14%
passe
14%
compagnons
13%
chantez
6%
Aucun quiz correspondant
Distribution des résultats
% des personnes avec chaque résultat
Percentile par nombre de réponses
Votre historique - résultats
Vous n’avez pas pris ce quiz